Catálogo
 En Linea

Antonio de Nebrija príncipe de los humanistas españoles. (Registro nro. 43931)

Detalles MARC
000 -CABECERA
campo de control de longitud fija 00399nam a2200133 a 4500
001 - NÚMERO DE CONTROL
campo de control 000044442
005 - FECHA Y HORA DE LA ÚLTIMA TRANSACCIÓN
campo de control 20201002045358.0
008 - DATOS DE LONGITUD FIJA--INFORMACIÓN GENERAL
campo de control de longitud fija 140630s1992 000 spa d
040 ## - FUENTE DE LA CATALOGACIÓN
Centro catalogador/agencia de origen DO-SdBNP
Lengua de catalogación spa
Centro/agencia transcriptor BNPHU
100 ## - ENTRADA PRINCIPAL--NOMBRE DE PERSONA
Nombre de persona Fontán, Antonio
9 (RLIN) 43450
245 #0 - MENCIÓN DE TÍTULO
Título Antonio de Nebrija príncipe de los humanistas españoles.
260 ## - PUBLICACIÓN, DISTRIBUCIÓN, ETC.
Lugar de publicación, distribución, etc. [España] -- Navidad, :
Nombre del editor, distribuidor, etc. [s. n],
Fecha de publicación, distribución, etc. 1992.
300 ## - DESCRIPCIÓN FÍSICA
Extensión 25 p. ;
Dimensiones 24 cm.
Existencias
Estado de retiro Estado de pérdida Restricciones de uso No para préstamo Código de colección Localización permanente Ubicación/localización actual Ubicación en estantería Fecha de adquisición Número de inventario Total de préstamos Signatura topográfica completa Código de barras Fecha visto por última vez Precio válido a partir de Tipo de ítem Koha
      Excluido de préstamo Monografías: Libros y Folletos General General Depósito 30.06.2014 LF1   44442-10 25.06.2020 25.06.2020 No se presta

Con tecnología Koha